000 00777nam a22002177a 4500
999 _c7856
_d7856
003 AR-CdUCM
008 190321b ||||| |||| 00| 0 spa d
040 _aMUNICIPALIDAD PROVINCIAL DEL CUSCO
_cBIBLIOTECA MUNICIPAL DEL CUSCO
082 _a468.3 /
_bC47
100 _aCevallos, Pedro Fermín
_922219
245 _aBreve catalogo de errores /
260 _aEcuador :
_bPolycolor,
_c1985.
300 _a177 páginas ;
_c19 cm.
440 _aEdiciones sesquicentenario II convención nacional Municipio de Ambato
_922220
505 _aContenido : Vida de Pedro Fermín Cevallos, Augusto Arias -- Breve catalogo de errores, Pedro Fermin Cevallos ...
650 _aBiografía
_922
650 _aSociedad
_953
650 _aEcuador
_910121
942 _2ddc
_cLIBROS
945 _arah